Top 5 European League Top Scorers: 1998/99 - Statistics

General Stats
  • This quiz has been taken 6 times
  • The average score is 8 of 30
Answer Stats
League Goals Club Nationality Player % Correct
Serie A 21 Fiorentina Argentina Gabriel Batistuta
100%
La Liga 25 Real Madrid Spain Raul
100%
Serie A 16 Parma Argentina Hernan Crespo
83%
Serie A 20 Milan Germany Oliver Bierhoff
83%
La Liga 24 Barcelona Brazil Rivaldo
83%
Bundesliga 13 Bayern Munich Brazil Giovane Elber
67%
La Liga 19 Real Madrid Spain Fernando Morientes
50%
Bundesliga 13 Bayern Munich Germany Carsten Jancker
33%
La Liga 21 Valencia Argentina Claudio Lopez
33%
Serie A 22 Udinese Brazil Marcio Amoroso
33%
Eredivisie 31 PSV Netherlands Ruud van Nistelrooy
33%
La Liga 19 Oviedo Panama Julio Cesar Dely Valdes
17%
Eredivisie 24 PSV Belgium Luc Nilis
17%
Serie A 18 Roma Italy Marco Delvecchio
17%
Bundesliga 23 Hertha Berlin Germany Michael Preetz
17%
Eredivisie 18 Vitesse Greece Nikolaos Machlas
17%
Division 1 22 Bordeaux France Sylvain Wiltord
17%
Bundesliga 14 Hamburg Ghana Tony Yeboah
17%
Bundesliga 19 Bayer Leverkusen Germany Ulf Kirsten
17%
Division 1 17 Lyon France Alain Caveglia
0%
Bundesliga 13 Wolfsburg Poland Andrzej Juskowiak
0%
Division 1 14 Marseille France Florian Maurice
0%
Eredivisie 21 Twente Netherlands Jan Vennegoor of Hesselink
0%
Division 1 15 Bordeaux France Lilian Laslandes
0%
Bundesliga 13 Duisberg Germany Markus Beierle
0%
Eredivisie 20 Utrecht Netherlands Michael Mols
0%
Bundesliga 14 Hansa Rostock Germany Oliver Neuville
0%
Serie A 16 Cagliari Italy Roberto Muzzi
0%
Bundesliga 13 Nurnberg North Macedonia Sasa Ciric
0%
Division 1 15 Rennes DR Congo Shabani Nonda
0%
No matching quizzes found
Score Distribution
Percent of People with Each Score
Percentile by Number Answered
Your Score History
You have not taken this quiz